Chất lượng tăng trưởng kinh tế Việt Nam : Mười năm nhìn lại và định hướng tương lai

Báo cáo này trình bày những thành quả tăng trưởng của Việt Nam trong thời gian qua và nhận diện những nguy cơ thách thức đối với nền kinh tế trong giai đoạn tới trên cơ sở đó có những định hướng và bước đi đúng đắn trong tương lai. Chủ đ...

Ausführliche Beschreibung

Gespeichert in:
Bibliographische Detailangaben
1. Verfasser: Nguyễn, Ngọc Sơn
Format: Buch
Sprache:Undetermined
Veröffentlicht: Hà Nội Diễn đàn Phát triển Việt Nam (VDF) 2011
Schlagworte:
Tags: Tag hinzufügen
Keine Tags, Fügen Sie den ersten Tag hinzu!
Thư viện lưu trữ: Trung tâm Học liệu Trường Đại học Cần Thơ
LEADER 01603nam a2200217Ia 4500
001 CTU_178430
008 210402s9999 xx 000 0 und d
082 |a 339.49597 
082 |b S464 
100 |a Nguyễn, Ngọc Sơn 
245 0 |a Chất lượng tăng trưởng kinh tế Việt Nam : 
245 0 |b Mười năm nhìn lại và định hướng tương lai 
245 0 |c Chủ biên: Nguyễn Ngọc Sơn, Phạm Hồng Chương 
260 |a Hà Nội 
260 |b Diễn đàn Phát triển Việt Nam (VDF) 
260 |c 2011 
520 |a Báo cáo này trình bày những thành quả tăng trưởng của Việt Nam trong thời gian qua và nhận diện những nguy cơ thách thức đối với nền kinh tế trong giai đoạn tới trên cơ sở đó có những định hướng và bước đi đúng đắn trong tương lai. Chủ đề của Hội thảo không chỉ nhấn mạnh đến những vấn đề Việt Nam phải đối mặt trên con đường phát triển, mà còn là những phác thảo về phương hướng chiến lược của Việt Nam nhằm cải thiện cơ bản chất lượng tăng trưởng kinh tế. 
650 |a Economic stabilization,Ổn định kinh tế,Income distribution,Phân bố thu nhập 
650 |z Vietnam,Việt Nam,Vietnam,Việt Nam 
904 |i Trọng Hiếu 
980 |a Trung tâm Học liệu Trường Đại học Cần Thơ